ნორმალური ფორმატი
MARC ფორმატი
ჩანაწერი Corporate Name
ჩანაწერთა რაოდენობა, რომელიც გამოყენებულია: 1
001 - CONTROL NUMBER
- control field: 17609
003 - CONTROL NUMBER IDENTIFIER
- control field: GE_BSU
005 - DATE AND TIME OF LATEST TRANSACTION
- control field: 20230411110357.0
008 - FIXED-LENGTH DATA ELEMENTS
- fixed length control field: 230411|| aca||aabn | a|a d
040 ## - CATALOGING SOURCE
- Original cataloging agency: GE_BSU
- Transcribing agency: GE_BSU
110 ## - HEADING--CORPORATE NAME
- Corporate name or jurisdiction name as entry element: საქ. ეროვნ. აკადემია
- Subordinate unit: საქ. ტექნ. უნ-ტთან არსებული სასწ.-სამეცნ. ცენტრი "ქართული კულტურული მემკვიდრეობის შესწავლა და დაცვა".
670 ## - SOURCE DATA FOUND
- Source citation: Work cat.: (GE_BSU): ძველი ქართული აბანოები = An ancient georgian bath house = Древние грузинские бани :
